Down to the last ballot: the italian elections of 9-10 april 2006 /

Сохранить в:
Библиографические подробности
Главный автор: Caciagli, Mario
Формат: Текст
Предметы:
Метки: Добавить метку
Нет меток, Требуется 1-ая метка записи!

MARC

LEADER 00000 a a2200000 04500
001 1845
003
040
100 |a Caciagli, Mario  
245 |a Down to the last ballot:   |b the italian elections of 9-10 april 2006 /  |c Mario Caciagli 
650 |a ELECCIONES  
650 |a PARTIDOS POLITICOS  
650 |a POLITICA  
650 |a ITALIA  
773 |g número 5; páginas 5-34  
999 |c 33353  |d 33353